000
00210 a2200097 4500
001
32728
100
_a
Thomas, H
245
_a
Great Philosophers
260
_a
New york
_b
Perma Giants
_c
090
_c
21927
_d
21927
942
_a
NUST-CAE
_c
M
_c
13255
999
_c
267801
_d
267801